The Continents - Statistics

General Stats
  • This quiz has been taken 13 times
  • The average score is 6 of 7
Answer Stats
Hint Answer % Correct
2 Africa
100%
4 North America
100%
1 Asia
88%
6 Australia
88%
3 Europe
88%
5 South America
88%
7 Antarctica
75%
No matching quizzes found
Score Distribution
Percent of People with Each Score
Percentile by Number Answered
Your Score History
You have not taken this quiz